Kombinácia online a prezenčného vzdelávania ako nový model pre budúcnosť
Úloha technológií v hybridnom vzdelávaní si vyžaduje premyslenú rovnováhu medzi tradičnými a inovatívnymi pedagogickými prístupmi. Prítomnosť študentov vo fyzickom prostredí prináša merateľné výsledky, ktoré môžu byť doplnené a obohatené o moderné technológie. (Bennett a kol., 2021) Zvládnutie techn...
Salvato in:
| Autore principale: | |
|---|---|
| Altri autori: | |
| Natura: | Capitolo di libro |
| Lingua: | slovacco |
| Soggetti: | |
| Tags: |
Nessun Tag, puoi essere il primo ad aggiungerne!!
|
MARC
| LEADER | 00000naa$a2200000$$$4500 | ||
|---|---|---|---|
| 001 | 0306495 | ||
| 005 | 20250206131452.6 | ||
| 041 | 0 | |a slo | |
| 044 | |a SK | ||
| 245 | 1 | 0 | |a Kombinácia online a prezenčného vzdelávania ako nový model pre budúcnosť |c Petra Szaryszová, Lenka Kuhnová |
| 520 | |a Úloha technológií v hybridnom vzdelávaní si vyžaduje premyslenú rovnováhu medzi tradičnými a inovatívnymi pedagogickými prístupmi. Prítomnosť študentov vo fyzickom prostredí prináša merateľné výsledky, ktoré môžu byť doplnené a obohatené o moderné technológie. (Bennett a kol., 2021) Zvládnutie technologickej podpory počas pandémie bolo z hľadiska udržania kvality výučby zásadné. To sa prejavilo nielen vo zvýšených nárokoch na Centrum informačných technológií (CIT), ale aj v dod atočných výdavkoch vzdelávacích inštitúcií na rýchle zabezpečenie potrebných notebookov, tabletov, kamier, mikrofónov a ďalších zariadení. | ||
| 610 | 2 | 0 | |a technológie informačné |
| 610 | 2 | 0 | |a vzdelávanie |
| 610 | 2 | 0 | |a pedagogika |
| 610 | 2 | 0 | |a technológie komunikačné |
| 610 | 2 | 0 | |a technológie nové |
| 610 | 2 | 0 | |a komunikácia |
| 100 | 1 | |a Szaryszová, Petra, 1984- | |
| 700 | 1 | |a Kuhnová, Lenka, 1989- | |